LIBRARY ONLINE CATALOGUE

Computer Networks (Record no. 17495)

MARC details
000 -LEADER
fixed length control field 00468nam a22001577a 4500
008 - FIXED-LENGTH DATA ELEMENTS--GENERAL INFORMATION
fixed length control field 190228b xxu||||| |||| 00| 0 eng d
020 ## - INTERNATIONAL STANDARD BOOK NUMBER
International Standard Book Number 0123851383
050 ## - LIBRARY OF CONGRESS CALL NUMBER
Classification number TK5105.5
Item number .P479 2012 c.1
100 ## - MAIN ENTRY--PERSONAL NAME
Personal name Peterson, Larry L.
245 ## - TITLE STATEMENT
Title Computer Networks
Remainder of title a system approach
Statement of responsibility, etc. Larry L. Peterson
250 ## - EDITION STATEMENT
Edition statement 5th ed.
Remainder of edition statement international student edition
260 ## - PUBLICATION, DISTRIBUTION, ETC. (IMPRINT)
Place of publication, distribution, etc. Amsterdam
Name of publisher, distributor, etc. Elsevier
Date of publication, distribution, etc. 2012
300 ## - PHYSICAL DESCRIPTION
Extent xxxi, 884p.
650 ## - SUBJECT ADDED ENTRY--TOPICAL TERM
Topical term or geographic name as entry element computer networks
942 ## - ADDED ENTRY ELEMENTS (KOHA)
Source of classification or shelving scheme Library of Congress Classification
Koha item type General Collection
Holdings
Withdrawn status Lost status Source of classification or shelving scheme Not for loan Home library Current library Date acquired Cost, normal purchase price Total Checkouts Full call number Barcode Date last seen Price effective from Koha item type
    Library of Congress Classification   Kabarak, Main Campus Kabarak, Main Campus 28/02/2019 6853.00   TK5105.5 .P479 2012 c.1 023012 28/02/2019 28/02/2019 General Collection